Rock Mechanics (Record no. 546479)
[ view plain ]
| 000 -LEADER | |
|---|---|
| fixed length control field | 00407nam a22001457a 4500 |
| 082 ## - DEWEY DECIMAL CLASSIFICATION NUMBER | |
| Classification number | 624.15132 |
| -- | L-38, p-130. : |
| 100 ## - MAIN ENTRY--PERSONAL NAME | |
| Personal name | Henry R. Reynolds |
| 9 (RLIN) | 42626 |
| 245 ## - TITLE STATEMENT | |
| Title | Rock Mechanics |
| Statement of responsibility, etc. | Reynolds, Hency R. |
| 250 ## - EDITION STATEMENT | |
| Edition statement | 1st |
| 260 ## - PUBLICATION, DISTRIBUTION, ETC. | |
| Place of publication, distribution, etc. | Bungay Suffolk |
| Name of publisher, distributor, etc. | Crosby Lockwood |
| Date of publication, distribution, etc. | 1961 |
| 300 ## - PHYSICAL DESCRIPTION | |
| Extent | viii, 136. p : |
| Other physical details | ill, |
| Dimensions | 21cm |
| 526 ## - STUDY PROGRAM INFORMATION NOTE | |
| Program name | 0 |
| Interest level | 1 |
| Reading level | 0 |
| Title point value | 624_151320000000000_REY |
| 650 ## - SUBJECT ADDED ENTRY--TOPICAL TERM | |
| Topical term or geographic name entry element | MCE |
| 9 (RLIN) | 379 |
| 942 ## - ADDED ENTRY ELEMENTS (KOHA) | |
| Source of classification or shelving scheme | |
| Koha item type | Book |
| Withdrawn status | Lost status | Source of classification or shelving scheme | Damaged status | Not for loan | Permanent Location | Current Location | Date acquired | Total Checkouts | Full call number | Barcode | Date last seen | Date last checked out | Price effective from | Koha item type |
|---|---|---|---|---|---|---|---|---|---|---|---|---|---|---|
| Military College of Engineering (MCE) | Military College of Engineering (MCE) | 06/12/2014 | 1 | 624.15132 rey | MCE-29754 | 05/10/2016 | 05/10/2016 | 03/14/2021 | Book |
